[Event "Wch Juvenil 2010 sub16 Femenino"]
[Site "Porto Carras GRE"]
[Date "2010.10.27"]
[Round "8.8"]
[White "Bea, Boglarka"]
[Black "Ainutdinova, Yekaterina"]
[Result "0-1"]
[WhiteElo "2109"]
[BlackElo "1999"]
[PlyCount "80"]
[EventDate "2010.10.20"]
[EventType "swiss"]
[EventRounds "11"]
[EventCountry "GRE"]
[Source "lmi"]
[SourceDate "2010.10.20"]

1. e4 e5 2. Nf3 Nc6 3. Bb5 a6 4. Ba4 Nf6 5. O-O Be7 6. Re1 b5 7. Bb3 d6 8. c3
O-O 9. d4 Bg4 10. Be3 exd4 11. cxd4 Na5 12. Bc2 Nc4 13. Bc1 c5 14. b3 Nb6 15.
Nbd2 Nfd7 16. h3 Bh5 17. g4 Bg6 18. d5 Bf6 19. Rb1 Re8 20. Nf1 Rc8 21. Kg2 c4
22. b4 h6 23. Ng3 Qc7 24. Be3 c3 25. Nd4 Nc4 26. Rb3 Nd2 27. Ra3 Nxe4 28. Rxa6
Nxg3 29. Rc6 Qb7 30. Bxg6 fxg6 31. Kxg3 Ne5 32. Rxd6 Qb8 33. Re6 Nd3+ 34. Kg2
Nxe1+ 35. Qxe1 Rxe6 36. Nxe6 Qe5 37. Nc5 Qxd5+ 38. Kg1 c2 39. Bd2 Qxa2 40. Bc1
Qd5 0-1

[Event "Wch Juvenil 2010 sub16 Femenino"]
[Site "Porto Carras GRE"]
[Date "2010.10.27"]
[Round "8.9"]
[White "Gevorgyan, Maria"]
[Black "Aranaz Murillo, Amalia"]
[Result "1/2-1/2"]
[WhiteElo "1981"]
[BlackElo "2154"]
[PlyCount "113"]
[EventDate "2010.10.20"]
[EventType "swiss"]
[EventRounds "11"]
[EventCountry "GRE"]
[Source "lmi"]
[SourceDate "2010.10.20"]

1. e4 c6 2. d4 d5 3. exd5 cxd5 4. c4 Nf6 5. Nc3 e6 6. Nf3 Bb4 7. cxd5 Nxd5 8.
Qc2 Nc6 9. Bd3 Ba5 10. a3 h6 11. O-O O-O 12. Rd1 Nce7 13. Ne5 Bd7 14. Ne4 Bc7
15. Qe2 Ba4 16. Re1 Nf5 17. Nf3 Bb6 18. Nc3 Bc6 19. Bxf5 exf5 20. Qd3 Nxc3 21.
bxc3 Be4 22. Qe2 Re8 23. Bb2 Rc8 24. Nd2 Bc6 25. Qh5 Qd5 26. Qh3 Qb5 27. Reb1
Qe2 28. Nf1 Bc7 29. Bc1 Be4 30. Rb2 Qa6 31. Bd2 f4 32. g3 Qe2 33. gxf4 Bxf4 34.
Re1 Qd3 35. Qxd3 Bxd3 36. Rxe8+ Rxe8 37. Bxf4 Re1 38. Rxb7 Bxf1 39. Rb8+ Kh7
40. f3 Bc4+ 41. Kf2 Ra1 42. Rb4 Ra2+ 43. Kg3 Bf1 44. Bb8 Rxa3 45. d5 Rxc3 46.
d6 Rd3 47. Rb7 Be2 48. Rxf7 Kg6 49. Rxa7 Bxf3 50. Kf2 Bg4 51. Re7 Kf6 52. Bc7
h5 53. Re4 Rd2+ 54. Ke1 Rxh2 55. Rxg4 hxg4 56. d7 Rh8 57. d8=Q+ 1/2-1/2

[Event "Wch Juvenil 2010 sub16 Femenino"]
[Site "Porto Carras GRE"]
[Date "2010.10.27"]
[Round "8.10"]
[White "Saranya, J."]
[Black "Neuhauser, Salome"]
[Result "1-0"]
[WhiteElo "2121"]
[BlackElo "2064"]
[PlyCount "53"]
[EventDate "2010.10.20"]
[EventType "swiss"]
[EventRounds "11"]
[EventCountry "GRE"]
[Source "lmi"]
[SourceDate "2010.10.20"]

1. e4 c5 2. Nf3 g6 3. d4 cxd4 4. Nxd4 Nc6 5. c3 Bg7 6. Be3 Nf6 7. f3 O-O 8. Be2
d5 9. Nxc6 bxc6 10. e5 Nd7 11. f4 e6 12. O-O c5 13. Nd2 Rb8 14. Qc2 Qc7 15. Nf3
Bb7 16. h4 f6 17. exf6 Nxf6 18. Ng5 Rbe8 19. h5 e5 20. hxg6 h6 21. Nf7 Ne4 22.
f5 Ng3 23. f6 Nxf1 24. Rxf1 Rxf7 25. gxf7+ Qxf7 26. fxg7 Qxg7 27. Bh5 1-0

[Event "Wch Juvenil 2010 sub16 Femenino"]
[Site "Porto Carras GRE"]
[Date "2010.10.27"]
[Round "8.11"]
[White "Ivanenko, Olga I"]
[Black "Jalabadze, Natia"]
[Result "1-0"]
[WhiteElo "2108"]
[BlackElo "2043"]
[PlyCount "78"]
[EventDate "2010.10.20"]
[EventType "swiss"]
[EventRounds "11"]
[EventCountry "GRE"]
[Source "lmi"]
[SourceDate "2010.10.20"]

1. e4 c5 2. Nf3 d6 3. d4 cxd4 4. Nxd4 Nf6 5. Nc3 Nc6 6. Bg5 e6 7. Qd2 Be7 8.
O-O-O O-O 9. f4 h6 10. Bh4 e5 11. Nf5 Bxf5 12. exf5 exf4 13. Kb1 d5 14. Bxf6
Bxf6 15. Nxd5 Be5 16. Bc4 Qg5 17. g3 fxg3 18. Qxg5 hxg5 19. hxg3 Bxg3 20. f6
Bh4 21. Rdg1 Rfd8 22. fxg7 Rd6 23. Ne3 Rf6 24. Bd3 Ne7 25. Ng4 Rd6 26. Ne5 Rad8
27. Rf1 f6 28. Bc4+ Nd5 29. Ng6 Kxg7 30. Nxh4 gxh4 31. Rfg1+ Kf8 32. Rxh4 R6d7
33. Bb5 Rd6 34. Rh8+ Kf7 35. Rh7+ Kf8 36. Rxb7 Nb4 37. b3 Rb6 38. Rbg7 Rd2 39.
Bc4 Rf2 1-0

[Event "Wch Juvenil 2010 sub16 Femenino"]
[Site "Porto Carras GRE"]
[Date "2010.10.27"]
[Round "8.12"]
[White "Perera Borrego, Mariela"]
[Black "Ibrahimova, Sabina Oqtay"]
[Result "0-1"]
[WhiteElo "2068"]
[BlackElo "2029"]
[PlyCount "110"]
[EventDate "2010.10.20"]
[EventType "swiss"]
[EventRounds "11"]
[EventCountry "GRE"]
[Source "lmi"]
[SourceDate "2010.10.20"]

1. d4 Nf6 2. Nf3 g6 3. c3 Bg7 4. Bg5 O-O 5. Nbd2 d5 6. e3 c5 7. Be2 Nc6 8. O-O
Qb6 9. Qb3 c4 10. Qa3 Bf5 11. Bxf6 Bxf6 12. e4 dxe4 13. Nxc4 exf3 14. Nxb6 fxe2
15. Nxa8 exf1=Q+ 16. Rxf1 Rxa8 17. Qb3 b6 18. f3 h5 19. Qa4 Bd7 20. Qa6 Bc8 21.
Qc4 Bb7 22. g4 hxg4 23. fxg4 Rf8 24. b4 Bg5 25. Re1 Bf6 26. a4 Rc8 27. Qd3 Rd8
28. g5 Ne5 29. Qe2 Nf3+ 30. Kf1 Bxg5 31. Rd1 Rd5 32. Qxf3 Rf5 33. Qxf5 gxf5 34.
Ke2 Kg7 35. d5 Bf4 36. c4 Bd6 37. Rb1 Ba6 38. Kd3 e6 39. dxe6 fxe6 40. Kd4 Kf6
41. h4 Be5+ 42. Kd3 Bg3 43. h5 Bb7 44. Rg1 f4 45. c5 bxc5 46. bxc5 e5 47. Rb1
e4+ 48. Kd2 Ba6 49. h6 e3+ 50. Kc2 Kg6 51. Rh1 Kh7 52. c6 e2 53. Kd2 e1=Q+ 54.
Rxe1 Bxe1+ 55. Kxe1 Kxh6 0-1

[Event "Wch Juvenil 2010 sub16 Femenino"]
[Site "Porto Carras GRE"]
[Date "2010.10.28"]
[Round "9.1"]
[White "Arabidze, Meri"]
[Black "Hakimifard, Ghazal"]
[Result "1/2-1/2"]
[WhiteElo "2288"]
[BlackElo "2173"]
[PlyCount "83"]
[EventDate "2010.10.20"]
[EventType "swiss"]
[EventRounds "11"]
[EventCountry "GRE"]
[Source "lmi"]
[SourceDate "2010.10.20"]

1. d4 Nf6 2. c4 e6 3. Nf3 b6 4. a3 Bb7 5. Nc3 d5 6. cxd5 Nxd5 7. e3 g6 8. Bb5+
c6 9. Bd3 Bg7 10. O-O c5 11. Bb5+ Bc6 12. Bxc6+ Nxc6 13. Qa4 Qd7 14. Nxd5 exd5
15. dxc5 bxc5 16. e4 O-O 17. Rd1 d4 18. Bf4 Rfe8 19. Qc2 Rac8 20. Rac1 Na5 21.
e5 h6 22. h4 Red8 23. Re1 d3 24. Qc3 Qa4 25. Be3 Nb3 26. Rcd1 Qb5 27. a4 Qxa4
28. Rxd3 c4 29. Rxd8+ Rxd8 30. Qc2 Rd3 31. Qe2 Qd7 32. Qc2 Qa4 33. Rf1 Qb5 34.
Bxa7 Qd5 35. Be3 Qe4 36. Qb1 Bxe5 37. Nxe5 Qxe5 38. Bxh6 Kh7 39. Bg5 Nd2 40.
Bxd2 Rxd2 41. Qc1 Qd4 42. Qc3 1/2-1/2

[Event "Wch Juvenil 2010 sub16 Femenino"]
[Site "Porto Carras GRE"]
[Date "2010.10.28"]
[Round "9.2"]
[White "Danelia, Mariam"]
[Black "Nguyen, Thi Mai Hung"]
[Result "1-0"]
[WhiteElo "2213"]
[BlackElo "2258"]
[PlyCount "51"]
[EventDate "2010.10.20"]
[EventType "swiss"]
[EventRounds "11"]
[EventCountry "GRE"]
[Source "lmi"]
[SourceDate "2010.10.20"]

1. d4 d5 2. c4 c6 3. Nf3 e6 4. Qc2 Nf6 5. Bg5 h6 6. Bh4 Nbd7 7. e3 Be7 8. Nc3
O-O 9. Bd3 b6 10. O-O Bb7 11. Rfd1 Rc8 12. Qe2 c5 13. cxd5 Nxd5 14. Bg3 N7f6
15. Nxd5 Qxd5 16. dxc5 Qxc5 17. Ba6 Bxa6 18. Qxa6 Ne4 19. Be5 f6 20. Bg3 Rfd8
21. Qxa7 Kf7 22. Qa4 Qc2 23. Qxc2 Rxc2 24. Rxd8 Bxd8 25. Rb1 e5 26. Kf1 1-0

[Event "Wch Juvenil 2010 sub16 Femenino"]
[Site "Porto Carras GRE"]
[Date "2010.10.28"]
[Round "9.3"]
[White "Phan, Nguyen Mai Chi"]
[Black "Ziaziulkina, Nastassia"]
[Result "0-1"]
[WhiteElo "2106"]
[BlackElo "2284"]
[PlyCount "104"]
[EventDate "2010.10.20"]
[EventType "swiss"]
[EventRounds "11"]
[EventCountry "GRE"]
[Source "lmi"]
[SourceDate "2010.10.20"]

1. d4 d5 2. c4 c6 3. Nf3 Nf6 4. Nc3 a6 5. cxd5 cxd5 6. Bf4 Nc6 7. e3 Bg4 8. Be2
e6 9. O-O Be7 10. Qb3 Bxf3 11. Bxf3 Na5 12. Qd1 O-O 13. Na4 Bd6 14. Bxd6 Qxd6
15. Rc1 Rac8 16. b3 Rc7 17. Qd2 Rfc8 18. Nc5 Nc6 19. b4 Ne7 20. a4 e5 21. g3
exd4 22. exd4 Nc6 23. Rb1 h6 24. Bg2 Re8 25. Rfc1 Ne4 26. Qd3 Rce7 27. b5 axb5
28. Rxb5 Qf6 29. Bxe4 dxe4 30. Qe3 Nxd4 31. Rxb7 Rxb7 32. Nxb7 Nf5 33. Qc3 Qe7
34. Qc7 Qa3 35. Qc6 Re6 36. Qc5 Qb2 37. Nd8 Rf6 38. Rf1 Nd4 39. Qe7 Nf3+ 40.
Kg2 Ne5 41. Qa7 Nd3 42. Kg1 Qb4 43. Nc6 Qd6 44. Nd4 Kh7 45. Nb5 Qe6 46. Qd4 Nf4
47. Qe3 Nh3+ 48. Kg2 Ng5 49. Nd4 Qh3+ 50. Kg1 Nf3+ 51. Nxf3 exf3 52. Qe4+ g6
0-1

[Event "Wch Juvenil 2010 sub16 Femenino"]
[Site "Porto Carras GRE"]
[Date "2010.10.28"]
[Round "9.4"]
[White "Ainutdinova, Yekaterina"]
[Black "Chumpitaz, Ann"]
[Result "1-0"]
[WhiteElo "1999"]
[BlackElo "2150"]
[PlyCount "93"]
[EventDate "2010.10.20"]
[EventType "swiss"]
[EventRounds "11"]
[EventCountry "GRE"]
[Source "lmi"]
[SourceDate "2010.10.20"]

1. e4 c5 2. Nf3 Nc6 3. d4 cxd4 4. Nxd4 e5 5. Nb5 d6 6. N1c3 a6 7. Na3 b5 8. Nd5
Nf6 9. Bg5 Be7 10. Bxf6 Bxf6 11. c4 b4 12. Nc2 Rb8 13. Qf3 Bg5 14. g3 Be6 15.
h4 Bh6 16. b3 Qc8 17. Be2 O-O 18. g4 f6 19. Qg2 Qd8 20. Rg1 Bf4 21. Nxf4 exf4
22. Qh2 g5 23. hxg5 fxg5 24. f3 Qf6 25. O-O-O Qe5 26. Rh1 Rb7 27. Bf1 a5 28.
Qd2 Rd8 29. Nd4 Nxd4 30. Qxd4 Qxd4 31. Rxd4 Kg7 32. Kb2 Rb6 33. e5 Rc6 34. Bd3
h6 35. Be4 Rc5 36. exd6 a4 37. bxa4 Rxc4 38. Rxc4 Bxc4 39. Rd1 Kf6 40. a5 Ke5
41. d7 h5 42. gxh5 g4 43. h6 g3 44. h7 Kf6 45. Rh1 Rh8 46. d8=Q+ Rxd8 47. h8=Q+
1-0

[Event "Wch Juvenil 2010 sub16 Femenino"]
[Site "Porto Carras GRE"]
[Date "2010.10.28"]
[Round "9.5"]
[White "Schut, Lisa"]
[Black "Khalaji, Hanieh"]
[Result "1-0"]
[WhiteElo "2288"]
[BlackElo "1947"]
[PlyCount "62"]
[EventDate "2010.10.20"]
[EventType "swiss"]
[EventRounds "11"]
[EventCountry "GRE"]
[Source "lmi"]
[SourceDate "2010.10.20"]

1. e4 c6 2. d4 d5 3. Nc3 dxe4 4. Nxe4 Bf5 5. Ng3 Bg6 6. h4 h6 7. Nf3 Nd7 8. h5
Bh7 9. Bd3 Bxd3 10. Qxd3 e6 11. Bf4 Qa5+ 12. Bd2 Qc7 13. O-O-O Ngf6 14. Kb1
O-O-O 15. Ne4 Nxe4 16. Qxe4 Nf6 17. Qe2 Bd6 18. g3 Rhe8 19. c4 c5 20. Bc3 Rd7
21. dxc5 Qxc5 22. Bd4 Qf5+ 23. Ka1 b6 24. Bxf6 gxf6 25. Nd4 Qc5 26. Qf3 Bb8 27.
Nb3 Rxd1+ 28. Rxd1 Qc7 29. c5 f5 30. Qd3 Qe7 31. c6 Qd8 1-0

[Event "Wch Juvenil 2010 sub16 Femenino"]
[Site "Porto Carras GRE"]
[Date "2010.10.28"]
[Round "9.6"]
[White "Lach, Aleksandra"]
[Black "Schulz, Anja"]
[Result "0-1"]
[WhiteElo "2206"]
[BlackElo "2052"]
[PlyCount "98"]
[EventDate "2010.10.20"]
[EventType "swiss"]
[EventRounds "11"]
[EventCountry "GRE"]
[Source "lmi"]
[SourceDate "2010.10.20"]

1. d4 Nf6 2. Nf3 g6 3. c4 Bg7 4. Nc3 O-O 5. e4 d6 6. Be2 e5 7. O-O Na6 8. Re1
Qe8 9. Bf1 Bg4 10. d5 Nd7 11. h3 Bxf3 12. Qxf3 f5 13. Qd1 Qf7 14. exf5 gxf5 15.
Rb1 Qg6 16. Kh1 Kh8 17. b4 Rg8 18. Qc2 Bf6 19. Nd1 e4 20. Bf4 Ne5 21. Ne3 Rae8
22. Bxe5 Bxe5 23. c5 h5 24. Nc4 Bd4 25. c6 bxc6 26. dxc6 Nb8 27. Ne3 Rg7 28.
Nd5 Re5 29. Nf4 Qg5 30. Qd2 Nxc6 31. b5 Bb6 32. bxc6 Ba5 33. Ng6+ Qxg6 34. Qe3
Bxe1 35. Rxe1 Rc5 36. Rb1 Rxc6 37. Qxa7 Rc2 38. Kg1 Kh7 39. Qa4 Rd2 40. Re1 c5
41. Re3 Rd4 42. Qc2 h4 43. f3 Qg5 44. Qf2 exf3 45. Qxf3 Rd2 46. Re6 c4 47. Be2
c3 48. Re3 c2 49. Rc3 Rd1+ 0-1

[Event "Wch Juvenil 2010 sub16 Femenino"]
[Site "Porto Carras GRE"]
[Date "2010.10.28"]
[Round "9.7"]
[White "Leks, Maria"]
[Black "Saranya, J."]
[Result "0-1"]
[WhiteElo "2052"]
[BlackElo "2121"]
[PlyCount "90"]
[EventDate "2010.10.20"]
[EventType "swiss"]
[EventRounds "11"]
[EventCountry "GRE"]
[Source "lmi"]
[SourceDate "2010.10.20"]

1. e4 c5 2. Nf3 d6 3. d4 cxd4 4. Nxd4 Nf6 5. Nc3 a6 6. Be2 e5 7. Nb3 Be6 8. Bf3
Nbd7 9. O-O Be7 10. Re1 O-O 11. a4 b6 12. Be3 Qc7 13. Nd2 Rfd8 14. Nf1 Nc5 15.
h3 Rac8 16. Ng3 g6 17. Re2 h5 18. Bg5 Nh7 19. Be3 Kh8 20. Rd2 Rg8 21. Qe2 h4
22. Nf1 Ng5 23. Nh2 Nd7 24. Rc1 f5 25. exf5 gxf5 26. Bd5 f4 27. Qh5+ Kg7 28.
Bxf4 exf4 29. Bxe6 Nxe6 30. Qg4+ Kf7 31. Qf5+ Bf6 32. Nd5 Qc6 33. Re1 Rce8 34.
Ng4 Rg6 35. Rde2 Ne5 36. Ndxf6 Nd4 37. Qh5 Nxe2+ 38. Rxe2 Nxg4 39. Nxe8 Nf6 40.
Nxd6+ Qxd6 41. Qf3 Kg7 42. Qb7+ Kh6 43. Qxa6 f3 44. Re1 Rxg2+ 45. Kf1 Qh2 0-1

[Event "Wch Juvenil 2010 sub16 Femenino"]
[Site "Porto Carras GRE"]
[Date "2010.10.28"]
[Round "9.8"]
[White "Ibrahimova, Sabina Oqtay"]
[Black "Ivanenko, Olga I"]
[Result "1-0"]
[WhiteElo "2029"]
[BlackElo "2108"]
[PlyCount "67"]
[EventDate "2010.10.20"]
[EventType "swiss"]
[EventRounds "11"]
[EventCountry "GRE"]
[Source "lmi"]
[SourceDate "2010.10.20"]

1. e4 c5 2. Nf3 e6 3. d4 cxd4 4. Nxd4 a6 5. Bd3 Qc7 6. O-O Nf6 7. Nc3 Nc6 8.
Nb3 b5 9. a3 Ne5 10. f4 Nc4 11. e5 Nd5 12. Nxd5 exd5 13. Kh1 d6 14. exd6 Bxd6
15. Re1+ Kf8 16. Nd4 h5 17. b3 Nb6 18. Bd2 Bg4 19. Qc1 Rh6 20. h3 Bd7 21. Nf3
Rf6 22. Ne5 Bf5 23. Ba5 d4 24. Bxf5 Bxe5 25. Rxe5 g6 26. Bd3 Kg7 27. Qd2 Qd6
28. Bxb6 Qxb6 29. Rae1 Qd6 30. f5 Qxa3 31. fxg6 fxg6 32. Re7+ Rf7 33. Rxf7+
Kxf7 34. Qf4+ 1-0

[Event "Wch Juvenil 2010 sub16 Femenino"]
[Site "Porto Carras GRE"]
[Date "2010.10.28"]
[Round "9.9"]
[White "Iwanow, Anna"]
[Black "Wisniowska, Klaudia"]
[Result "1/2-1/2"]
[WhiteElo "2112"]
[BlackElo "2009"]
[PlyCount "63"]
[EventDate "2010.10.20"]
[EventType "swiss"]
[EventRounds "11"]
[EventCountry "GRE"]
[Source "lmi"]
[SourceDate "2010.10.20"]

1. e4 d6 2. d4 Nf6 3. Nc3 g6 4. f4 Bg7 5. Nf3 c5 6. Bb5+ Bd7 7. e5 Ng4 8. Bxd7+
Qxd7 9. d5 dxe5 10. h3 e4 11. hxg4 exf3 12. Qxf3 Na6 13. Bd2 O-O-O 14. O-O-O
Nb4 15. Ne4 Qc7 16. Ng5 Rxd5 17. Bxb4 Rxd1+ 18. Rxd1 cxb4 19. Nxf7 Rf8 20. Qe3
Bxb2+ 21. Kxb2 Qc3+ 22. Qxc3+ bxc3+ 23. Kxc3 Rxf7 24. Rd4 Rf6 25. Kd3 Ra6 26.
a4 Kc7 27. c3 Rb6 28. Rb4 Rd6+ 29. Rd4 Rb6 30. Rb4 Rd6+ 31. Rd4 Rb6 32. Rb4
1/2-1/2

[Event "Wch Juvenil 2010 sub16 Femenino"]
[Site "Porto Carras GRE"]
[Date "2010.10.28"]
[Round "9.10"]
[White "Aranaz Murillo, Amalia"]
[Black "Imeeva, Aisa"]
[Result "0-1"]
[WhiteElo "2154"]
[BlackElo "2059"]
[PlyCount "138"]
[EventDate "2010.10.20"]
[EventType "swiss"]
[EventRounds "11"]
[EventCountry "GRE"]
[Source "lmi"]
[SourceDate "2010.10.20"]

1. Nf3 Nf6 2. c4 e6 3. g3 b6 4. Bg2 Bb7 5. O-O Be7 6. d4 O-O 7. Re1 d6 8. Nc3
c5 9. d5 e5 10. e4 Na6 11. Nh4 Ne8 12. Nf5 Bf6 13. f4 Bc8 14. g4 exf4 15. Bxf4
Bxf5 16. exf5 h6 17. Qd2 Bd4+ 18. Kh1 Nf6 19. h3 Nc7 20. Rab1 a6 21. a4 Qd7 22.
Ne2 Bf2 23. Rf1 Bh4 24. Bxh6 Qxa4 25. b3 Qd7 26. Nc3 Rfe8 27. Bg5 Bxg5 28. Qxg5
Re5 29. h4 Rae8 30. h5 Nh7 31. Qf4 Qe7 32. Ne4 f6 33. Rbe1 Ng5 34. Nxg5 Rxe1
35. Ne6 Rxf1+ 36. Bxf1 b5 37. Bd3 Rb8 38. Kg1 Rb6 39. h6 Nxe6 40. fxe6 gxh6 41.
Qxh6 Qg7 42. Qf4 Kf8 43. Kf2 bxc4 44. Bxc4 Ke7 45. Kf3 Qh7 46. Kg3 a5 47. Qd2
Rb4 48. Qa2 a4 49. bxa4 Qe4 50. Be2 Rxa4 51. Qb3 Qb4 52. Qc2 Qe4 53. Qb3 Rb4
54. Qa2 Qe3+ 55. Kg2 Qb3 56. Qxb3 Rxb3 57. Kf2 Rb4 58. Ke3 Rd4 59. Bf3 Kf8 60.
Be4 Ke7 61. Bf3 Ra4 62. Be2 Ra2 63. Bd3 Ra3 64. Kd2 Ra4 65. Ke3 Rxg4 66. Be4 c4
67. Bf3 Rg3 68. Kf4 c3 69. Be4 Rg2 0-1

[Event "Wch Juvenil 2010 sub16 Femenino"]
[Site "Porto Carras GRE"]
[Date "2010.10.28"]
[Round "9.11"]
[White "Gevorgyan, Maria"]
[Black "Gagare, Shalmali"]
[Result "1-0"]
[WhiteElo "1981"]
[BlackElo "2110"]
[PlyCount "63"]
[EventDate "2010.10.20"]
[EventType "swiss"]
[EventRounds "11"]
[EventCountry "GRE"]
[Source "lmi"]
[SourceDate "2010.10.20"]

1. e4 g6 2. d4 c6 3. Nc3 d5 4. e5 Bg7 5. f4 h5 6. Nf3 Nh6 7. Bd3 Bf5 8. Ne2 e6
9. Ng3 Bxd3 10. Qxd3 h4 11. Nf1 Nf5 12. Ne3 Nxe3 13. Bxe3 Qa5+ 14. c3 Bf8 15.
Ng5 Qa6 16. Qc2 c5 17. dxc5 Qc6 18. b4 h3 19. Rg1 hxg2 20. Rxg2 Qd7 21. Rd1 Nc6
22. c4 Nxb4 23. Qb1 Qc6 24. Qxb4 d4 25. Rxd4 Qxg2 26. Ne4 Qh1+ 27. Ke2 Rxh2+
28. Bf2 Be7 29. Qxb7 Rd8 30. Rxd8+ Kxd8 31. Qb8+ Kd7 32. c6+ 1-0

[Event "Wch Juvenil 2010 sub16 Femenino"]
[Site "Porto Carras GRE"]
[Date "2010.10.28"]
[Round "9.12"]
[White "Narva, Triin"]
[Black "Mona, Khaled"]
[Result "1-0"]
[WhiteElo "1929"]
[BlackElo "2103"]
[PlyCount "95"]
[EventDate "2010.10.20"]
[EventType "swiss"]
[EventRounds "11"]
[EventCountry "GRE"]
[Source "lmi"]
[SourceDate "2010.10.20"]

1. e4 c6 2. d4 d5 3. e5 Bf5 4. Bd3 Bxd3 5. Qxd3 e6 6. Nf3 Qa5+ 7. Bd2 Qa6 8.
Qxa6 Nxa6 9. a3 c5 10. O-O Ne7 11. Nc3 Nc6 12. dxc5 Nxc5 13. b4 Nd7 14. Rfe1
Rc8 15. Nb5 Be7 16. Bg5 f6 17. exf6 gxf6 18. Rxe6 Kf7 19. Rae1 fxg5 20. Nxa7
Rce8 21. Nxc6 bxc6 22. Rxc6 g4 23. Rc7 Rd8 24. Nd4 Bd6 25. Ra7 Rhe8 26. Rd1 Bb8
27. Rb7 Kf6 28. a4 Be5 29. c3 Bxd4 30. cxd4 Nb8 31. b5 Re7 32. Rxe7 Kxe7 33. a5
Kd6 34. Rc1 Rd7 35. a6 Ra7 36. Rc8 Nd7 37. Rc6+ Ke7 38. f3 gxf3 39. gxf3 Kd8
40. Kf2 Rc7 41. Rd6 Rc2+ 42. Ke3 Kc7 43. Rxd5 Rxh2 44. Kf4 Rh1 45. Rf5 Nb6 46.
Rf7+ Kd6 47. Rf6+ Kc7 48. Rc6+ 1-0

[Event "Wch Juvenil 2010 sub16 Femenino"]
[Site "Porto Carras GRE"]
[Date "2010.10.29"]
[Round "10.1"]
[White "Ziaziulkina, Nastassia"]
[Black "Danelia, Mariam"]
[Result "1-0"]
[WhiteElo "2284"]
[BlackElo "2213"]
[PlyCount "89"]
[EventDate "2010.10.20"]
[EventType "swiss"]
[EventRounds "11"]
[EventCountry "GRE"]
[Source "lmi"]
[SourceDate "2010.10.20"]

1. e4 c5 2. Nf3 d6 3. d4 cxd4 4. Nxd4 Nf6 5. Nc3 a6 6. Bg5 e6 7. f4 Nbd7 8. Qe2
Qc7 9. O-O-O b5 10. a3 Bb7 11. g4 Be7 12. Bxf6 Bxf6 13. g5 Bxd4 14. Rxd4 e5 15.
Rd2 exf4 16. Qg4 Ne5 17. Qxf4 O-O 18. Be2 Rad8 19. Rhd1 Rfe8 20. Rd4 Re6 21.
Bg4 Nxg4 22. Qxg4 Qc5 23. Qg3 a5 24. b4 axb4 25. axb4 Qa7 26. Nxb5 Qa1+ 27. Kd2
Qb2 28. Qc3 Qxc3+ 29. Nxc3 Rde8 30. Re1 h6 31. h4 hxg5 32. hxg5 Rg6 33. Nb5
Ree6 34. c4 Rxg5 35. Nxd6 Re7 36. c5 g6 37. Rc1 Rg2+ 38. Ke3 f5 39. c6 Bxc6 40.
Rxc6 fxe4 41. Rxe4 Ra7 42. b5 Ra3+ 43. Kf4 Rf2+ 44. Ke5 Ra5 45. Rf4 1-0

[Event "Wch Juvenil 2010 sub16 Femenino"]
[Site "Porto Carras GRE"]
[Date "2010.10.29"]
[Round "10.2"]
[White "Ainutdinova, Yekaterina"]
[Black "Arabidze, Meri"]
[Result "0-1"]
[WhiteElo "1999"]
[BlackElo "2288"]
[PlyCount "90"]
[EventDate "2010.10.20"]
[EventType "swiss"]
[EventRounds "11"]
[EventCountry "GRE"]
[Source "lmi"]
[SourceDate "2010.10.20"]

1. e4 c5 2. Nf3 d6 3. d4 cxd4 4. Nxd4 Nf6 5. Nc3 g6 6. Be2 Bg7 7. O-O O-O 8.
Re1 Nc6 9. Nb3 a5 10. a4 Be6 11. Bf1 Rc8 12. h3 Nb4 13. Be3 Nd7 14. Rc1 Bc4 15.
Bd4 Bh6 16. Be3 Bg7 17. Bd4 Ne5 18. Nb5 Bh6 19. Nd2 Bxf1 20. Kxf1 Nc4 21. Bc3
Na2 22. Nxc4 Nxc3 23. Nxc3 Bxc1 24. Nxd6 Qxd6 25. Qxd6 exd6 26. Rxc1 Rc4 27.
Rd1 Rd8 28. Rd5 Rc5 29. Ke2 Kf8 30. Kd3 Ke7 31. Kd4 Rdc8 32. Rxc5 Rxc5 33. Nd5+
Ke6 34. Ne3 b5 35. axb5 Rxb5 36. b3 f5 37. exf5+ gxf5 38. Kd3 f4 39. Nf1 Rd5+
40. Ke2 Ke5 41. c4 Rc5 42. Kd3 Rc8 43. g4 fxg3 44. Nxg3 Rb8 45. Kc3 Rf8 0-1

[Event "Wch Juvenil 2010 sub16 Femenino"]
[Site "Porto Carras GRE"]
[Date "2010.10.29"]
[Round "10.3"]
[White "Hakimifard, Ghazal"]
[Black "Schut, Lisa"]
[Result "0-1"]
[WhiteElo "2173"]
[BlackElo "2288"]
[PlyCount "78"]
[EventDate "2010.10.20"]
[EventType "swiss"]
[EventRounds "11"]
[EventCountry "GRE"]
[Source "lmi"]
[SourceDate "2010.10.20"]

1. e4 c5 2. Nf3 d6 3. d4 cxd4 4. Nxd4 Nf6 5. Nc3 a6 6. Be3 e5 7. Nf3 Be7 8. Bc4
O-O 9. O-O Nc6 10. Qe2 Be6 11. Bb3 Rc8 12. Rfd1 Qc7 13. Bg5 Nh5 14. g3 Na5 15.
Rac1 Nc4 16. Bxe7 Qxe7 17. Nd5 Bxd5 18. Rxd5 Nb6 19. Rd2 Nf6 20. Rcd1 Rc6 21.
h4 Nbd7 22. c3 Nc5 23. Bc2 b5 24. Nh2 Rb8 25. Nf1 b4 26. Ne3 g6 27. Nc4 bxc3
28. bxc3 Ne8 29. h5 Qc7 30. hxg6 hxg6 31. Ne3 Nf6 32. Qf3 Qe7 33. Kg2 Rb2 34.
g4 Ne6 35. Nd5 Nxd5 36. exd5 Nf4+ 37. Kg3 Rc8 38. Be4 Kg7 39. Rxb2 Qh4+ 0-1

[Event "Wch Juvenil 2010 sub16 Femenino"]
[Site "Porto Carras GRE"]
[Date "2010.10.29"]
[Round "10.4"]
[White "Nguyen, Thi Mai Hung"]
[Black "Ibrahimova, Sabina Oqtay"]
[Result "1-0"]
[WhiteElo "2258"]
[BlackElo "2029"]
[PlyCount "117"]
[EventDate "2010.10.20"]
[EventType "swiss"]
[EventRounds "11"]
[EventCountry "GRE"]
[Source "lmi"]
[SourceDate "2010.10.20"]

1. d4 Nf6 2. Bf4 g6 3. e3 Bg7 4. Nf3 O-O 5. Be2 d6 6. h3 Nbd7 7. O-O Qe8 8. c4
e5 9. Bh2 Qe7 10. Nc3 b6 11. dxe5 dxe5 12. Nd5 Nxd5 13. Qxd5 Ba6 14. Rfd1 Rad8
15. Qe4 Nc5 16. Qc2 Bb7 17. Rxd8 Rxd8 18. Rd1 e4 19. Nd4 a5 20. Nb5 Ne6 21. Nc3
Rxd1+ 22. Bxd1 Qd7 23. Be2 Nc5 24. Nb5 Na6 25. b3 Bc6 26. Qd1 Qe7 27. Bg3 h6
28. Qd2 Kh7 29. Bh2 Kg8 30. g4 Kh7 31. Bg3 Bf6 32. Bf1 Kg8 33. Bg2 Kh7 34. Nc3
Nc5 35. Nd5 Bxd5 36. Qxd5 Kg7 37. Bf1 Kh7 38. h4 Kg7 39. h5 Kh7 40. hxg6+ fxg6
41. Bg2 Kg7 42. Kf1 Kh7 43. Qc6 a4 44. bxa4 Bg7 45. Kg1 Qd8 46. Bxe4 Nxe4 47.
Qxe4 c5 48. Kg2 Qd7 49. a5 bxa5 50. Qd5 Qxg4 51. Qxc5 Qe4+ 52. Kh2 a4 53. Qd5
Qc2 54. c5 h5 55. c6 a3 56. Kg2 h4 57. Bxh4 Qa4 58. Bg3 Qa8 59. Kg1 1-0

[Event "Wch Juvenil 2010 sub16 Femenino"]
[Site "Porto Carras GRE"]
[Date "2010.10.29"]
[Round "10.5"]
[White "Saranya, J."]
[Black "Schulz, Anja"]
[Result "1/2-1/2"]
[WhiteElo "2121"]
[BlackElo "2052"]
[PlyCount "102"]
[EventDate "2010.10.20"]
[EventType "swiss"]
[EventRounds "11"]
[EventCountry "GRE"]
[Source "lmi"]
[SourceDate "2010.10.20"]

1. e4 c5 2. Nf3 Nc6 3. Bb5 g6 4. O-O Bg7 5. c3 Nf6 6. Qe2 O-O 7. e5 Nd5 8. d4
cxd4 9. cxd4 d6 10. h3 Qb6 11. Rd1 Rd8 12. Bc4 Be6 13. Na3 a6 14. Qe4 Bf5 15.
Qe2 Be6 16. Bb3 Qc7 17. Nc4 b5 18. exd6 exd6 19. Na3 Re8 20. Qf1 Qb6 21. Bg5 h6
22. Bd2 Kh7 23. Be1 Rac8 24. Nc2 f5 25. Bd2 Bg8 26. h4 Bf6 27. h5 Re4 28. hxg6+
Kxg6 29. Bxd5 Bxd5 30. Ne3 Ne7 31. Qd3 Bc4 32. Qc2 Be2 33. Bc3 Bxd1 34. Rxd1 b4
35. Nxf5 Nxf5 36. Qxe4 bxc3 37. bxc3 Qc6 38. d5 Qc4 39. Nd4 Bxd4 40. Rxd4 Qxc3
41. Qe6+ Kg5 42. Re4 Rf8 43. f3 h5 44. Kh2 a5 45. a4 Qf6 46. Qd7 Qc3 47. Re6
Qd4 48. Qh7 Qf4+ 49. Kg1 Qc1+ 50. Kh2 Qf4+ 51. Kg1 Qc1+ 1/2-1/2